1892 1468 1855 1126 1235 1803 1584 1954 1975 1091 1724 1916 1227 1245 1278 1671 1388 1189 1806 1153 1767 1630 1428 1649 1288 1283 1211 1803 1309 1922 1558 1757 1732 1188 1262 1578 1297 1379 1793 1128 1768 1091 1612 1418 1942 1508 1932 1445 1211 1200 1975 1502 1988 1997 1910 1860 1538 1657 1846 1070 1414 1286 1844 1009 1365 1529 1989 1612 1913 1756 1735 1500 1567 1421 1231 1199 1069 1991 1217 1969 1209 1924 1527 1173 1144 1262 1544 1151 1918 1523 1063 1794 1207 1045 1785 1008 1511 1191 1467 BCNSPRNW ULIB Ver.6.0+V

เปลี่ยนเป็นภาษาไทย

Change to English
 แสดงรายละเอียดบรรณานุกรม
  กลับหน้าหลัก

Brief Record : Get Marc (ISO 2709) : E-mail record : QR code < ปิดหน้าต่าง
LEADER : 00000nam 2200000uu 4500
001    13399123166
003     ULIB
008    020711s2552 th a 000 0 tha d
020    9789748217956
090    นว.^bฬ111ร ล.2
100    ฬีฬา
110    ยาหยี-ยาใจ
245    รหัสรักในดวงใจ 2/^cฬีฬา
250    พิมพ์ครั้งที่ 2
260    กรุงเทพฯ :^bยาหยี-ยาใจ,^c2552
300    284 หน้า;^b21 ซม.
945    ^p200^l0^i034423
999    ^aเกษร โพธิ์สุวรรณ
รายการนี้ยังไม่มีแท็ก
คุณยังไม่ได้ล็อกอิน คุณสามารถมีกิจกรรมร่วมกับเว็บไซต์ได้ แต่ต้องล็อกอินก่อน ::
  ล็อกอิน

รายการสื่อสารสนเทศ

ลำดับที่ ประเภท เลขเรียก/บาร์โค้ด สถานที่ สถานะ
1. นวนิยาย
นวนิยาย
นว. ฬ111ร ล.2 ฉ.1 
  Barcode: 034423
ห้องสมุดวิทยาเขตสวรรค์ประชารักษ์
►นวนิยาย
บนชั้น
  ขอยืม

รายการใกล้เคียง
    ผู้แต่ง [ฬีฬา]

BibComment


ยังไม่เคยถูกคอมเมนท์

คอมเมนท์ทรัพยากรรายการนี้
  คอมเมนท์: รหัสรักในดวงใจ 2 ..


 Copyright 2026. Bcnsprnw @Library